000 004640000a22001570004500
003 MACL
005 20180210124145.0
008 180210b xxu||||| |||| 00| 0 eng d
040 _cMACL
100 _aडॉ सरोजनी प्रीतम
_919917
245 _aलेखक के सींग
260 _bहास्‍य अकादमी
_c2000
350 _a200
650 _aव्‍यंग्‍य
_970337
942 _cHIN
_k891.437/PRE
_2ddc
999 _c11599
_d11599